000 01223nam a22003497a 4500
003 CHAP
005 20220329134335.0
008 971013s1980 r 00010 d
010 _a19038
011 _a20010
035 _a24097
040 _cCHAP
090 _aTesis
100 0 0 _aAlvarez Soto, Victor Manuel.
_94987
245 _aAnálisis socio económico de una comunidad agropecuaria rural
260 _aMéxico, D.F., :
_bEl autor,
_c1980
300 _a132 h.
_b; apénd. : ilus
502 _aTesis (Médico Veterinario Zootecnista) -- UNAM. Fac. de Medicina Veterinaria y Zootecnia
590 _aALEPH
_b10
_c20130110
_lUCH01
_h1242
590 _aBATCH-UPD
_b10
_c20130110
_lUCH01
_h1658
590 _aBATCH-UPD
_b10
_c20130410
_lUCH01
_h1046
590 _aBATCH-UPD
_b10
_c20130914
_lUCH01
_h1145
590 _aCONVERSION
_b10
_c20130109
_lUCH01
_h1312
650 1 4 _aAgricultura
_zMexico (Edo.).
_91934
650 1 4 _aDesarrollo de la comunidad rural.
_931995
650 1 4 _aGanadería
_zMéxico (Edo.).
_944868
650 1 4 _aMéxico (Edo.)
_xCondiciones económicas.
_976824
650 1 4 _aMéxico (Edo.)
_xCondiciones sociales.
_976825
901 _aBK
942 _cTESIS
949 _bBC
_cTES
_d-55712
_eTS1
_i24097
_si
999 _c19038
_d19038